[Event "Alzira op 12th"]
[White "Sanmateu Juan, Sergio"]
[Black "Piris Ferrandis, Asier"]
[Site "Alzira"]
[Round "7"]
[Result "1/2-1/2"]
[Date "2022.12.30"]
[WhiteElo "1644"]
[BlackElo "1604"]
[PlyCount "92"]
[EventDate "2022.12.27"]
[EventType "swiss"]
[EventRounds "8"]
[EventCountry "ESP"]
[SourceTitle "CBM 212 Extra"]
[Source "ChessBase"]
[SourceDate "2023.03.31"]
[SourceVersion "1"]
[SourceVersionDate "2023.03.31"]
[SourceQuality "1"]

1. e4 c5 2. Nc3 Nc6 3. g3 g6 4. Bg2 Bg7 5. d3 e6 6. f4 Nge7 7. Nf3 0-0 8. 0-0 a6 9. g4 f5 10. h3 b5 11. Ne2 Nd4 12. Nfxd4 cxd4 13. exf5 d5 14. fxe6 Bxe6 15. Bd2 Rc8 16. a4 bxa4 17. Rxa4 Qb6 18. Bb4 Qb5 19. Bxe7 Qxa4 20. Bxf8 Rxf8 21. c3 Qb5 22. Nxd4 Bxd4+ 23. cxd4 Qxb2 24. Qa4 a5 25. Kh1 Qb4 26. Qc6 Bf7 27. Bxd5 Qxd4 28. Bxf7+ Rxf7 29. Qa8+ Rf8 30. Qxa5 Qxd3 31. Qa2+ Kg7 32. Qg2 Qe3 33. f5 Qg5 34. fxg6 Rxf1+ 35. Qxf1 Qd5+ 36. Kh2 Qe5+ 37. Kg2 Qe4+ 38. Qf3 Qc2+ 39. Kg3 Qc7+ 40. Kh4 Qd8+ 41. g5 Qd4+ 42. Kg3 Qe5+ 43. Kg4 Qd4+ 44. Qf4 Qg1+ 45. Kf3 Qf1+ 46. Ke4 Qc4+ 1/2-1/2

[Event "Alzira op 12th"]
[White "Garcia Guerola, Vicente"]
[Black "Sanmateu Juan, Sergio"]
[Site "Alzira"]
[Round "4"]
[Result "1/2-1/2"]
[Date "2022.12.28"]
[WhiteElo "1592"]
[BlackElo "1644"]
[PlyCount "170"]
[EventDate "2022.12.27"]
[EventType "swiss"]
[EventRounds "8"]
[EventCountry "ESP"]
[SourceTitle "CBM 212 Extra"]
[Source "ChessBase"]
[SourceDate "2023.03.31"]
[SourceVersion "1"]
[SourceVersionDate "2023.03.31"]
[SourceQuality "1"]

1. c4 e6 2. Nc3 d5 3. cxd5 exd5 4. d4 c6 5. Bf4 Bd6 6. Bxd6 Qxd6 7. e3 Bf5 8. Bd3 Ne7 9. Bxf5 Nxf5 10. Qc2 Qf6 11. Nf3 Nd7 12. 0-0 0-0 13. Ne2 Rfe8 14. Nf4 g6 15. Qa4 Nb6 16. Qc2 Nc4 17. Nd3 Re7 18. Nde5 Nxe5 19. Nxe5 Qg5 20. Nf3 Qf6 21. Qd1 Rae8 22. Ne5 Qg7 23. h3 f6 24. Ng4 h5 25. Nh2 Qh6 26. g3 Kf7 27. Qf3 Nd6 28. Qf4 Qxf4 29. gxf4 Ne4 30. Nf3 Rc7 31. b4 a5 32. a3 Ra8 33. Rfc1 Ra6 34. b5 Rb6 35. a4 Re7 36. bxc6 bxc6 37. Rc2 Reb7 38. Rac1 Rb4 39. Ra1 R7b6 40. Nd2 Nxd2 41. Rxd2 Rc4 42. Kg2 Rbb4 43. Rda2 Ke6 44. h4 Kf5 45. Kf3 g5 46. fxg5 fxg5 47. hxg5 Kxg5 48. Rg1+ Kf5 49. Rga1 c5 50. dxc5 Rxc5 51. Rh1 h4 52. Kg2 Rg4+ 53. Kf3 Rcc4 54. Rd2 d4 55. Rb1 Rb4 56. Rc1 dxe3 57. Rd5+ Ke6 58. Rxa5 Rxa4 59. Rxa4 Rxa4 60. fxe3 Kd5 61. Rg1 Ke5 62. Rg5+ Kf6 63. Rh5 Kg6 64. Rh8 Kg7 65. Rb8 Kf6 66. Rb5 Kg6 67. Rd5 h3 68. Kg3 Re4 69. Rd3 h2 70. Kxh2 Rg4 71. Rd2 Kf5 72. Rg2 Rxg2+ 73. Kxg2 Ke5 74. Kf3 Kf5 75. e4+ Ke5 76. Ke3 Ke6 77. Kd4 Kd6 78. e5+ Ke6 79. Ke4 Ke7 80. Kf5 Kf7 81. e6+ Ke7 82. Ke5 Ke8 83. Kd6 Kd8 84. Ke5 Ke8 85. Kf6 Kf8 1/2-1/2

[Event "Getxo op 4th"]
[White "Sanmateu Juan, Sergio"]
[Black "Vega Villa, Javier"]
[Site "Getxo"]
[Round "6"]
[Result "1-0"]
[Date "2019.09.12"]
[WhiteElo "1730"]
[BlackElo "1385"]
[PlyCount "66"]
[EventDate "2019.09.08"]
[EventType "swiss"]
[EventRounds "9"]
[EventCountry "ESP"]
[SourceTitle "EXT 2020"]
[Source "ChessBase"]
[SourceDate "2019.10.17"]
[SourceVersion "1"]
[SourceVersionDate "2019.10.17"]
[SourceQuality "1"]

1. e4 Nc6 2. Nc3 e5 3. Bc4 Nf6 4. d3 h6 5. Nf3 Bc5 6. 0-0 d6 7. Ne2 Bg4 8. Ng3 Nd4 9. h3 Nxf3+ 10. gxf3 Bxh3 11. Re1 0-0 12. Be3 Bxe3 13. fxe3 c6 14. d4 Qc7 15. Bf1 Bxf1 16. Rxf1 exd4 17. exd4 Rfe8 18. Rf2 g6 19. Qf1 h5 20. Qh3 Qd7 21. Qh4 Qe7 22. Rg2 Nh7 23. Qxe7 Rxe7 24. Nxh5 c5 25. dxc5 dxc5 26. Rd1 Kf8 27. Nf4 Ke8 28. Rgd2 Nf6 29. Kf2 Rd7 30. Nd5 Nxd5 31. exd5 Rd6 32. c4 f6 33. f4 Kf7 1-0

[Event "Xeraco Region-ch Primera"]
[White "Bertomeu Ginestar, Antoni"]
[Black "Sanmateu Juan, Sergio"]
[Site "Xeraco"]
[Round "5"]
[Result "0-1"]
[Date "2016.11.05"]
[WhiteElo "1701"]
[BlackElo "1662"]
[PlyCount "112"]
[EventDate "2016.10.01"]
[EventType "swiss"]
[EventRounds "7"]
[EventCountry "ESP"]
[SourceTitle "EXT 2024"]
[Source "ChessBase"]
[SourceDate "2023.10.10"]
[SourceVersion "1"]
[SourceVersionDate "2023.10.10"]
[SourceQuality "1"]

1. e4 e6 2. d4 d5 3. exd5 exd5 4. Bd3 Bd6 5. Nf3 Ne7 6. Bg5 f6 7. Bh4 0-0 8. 0-0 Bf5 9. Re1 Bxd3 10. Qxd3 Qd7 11. Nbd2 Na6 12. c4 c6 13. Qb3 Kh8 14. Bg3 Bxg3 15. hxg3 Rfe8 16. Nf1 dxc4 17. Qxc4 Nd5 18. Qb3 Nac7 19. Qd3 Rxe1 20. Rxe1 Re8 21. N1d2 Rxe1+ 22. Nxe1 Qe6 23. Nef3 Nb5 24. Nc4 g6 25. Kf1 Kg7 26. Qe2 Kf7 27. Ke1 Ne7 28. g4 Nd5 29. g3 Nb4 30. Qxe6+ Kxe6 31. Kd2 Nxa2 32. Na5 Nd6 33. g5 Ne4+ 34. Ke3 Nxg5 35. Nd2 Kd5 36. Nxb7 Nb4 37. Nb1 Kc4 38. Nd2+ Kd5 39. Nb3 Ne6 40. N7c5 Nxc5 41. Nxc5 Nc2+ 42. Kd3 Nxd4 43. Nd7 Ke6 44. Nf8+ Kf7 45. Kxd4 Kxf8 46. Kc5 h5 47. b4 g5 48. Kxc6 h4 49. gxh4 gxh4 50. b5 h3 51. Kb7 h2 52. Kxa7 h1Q 53. b6 Qa1+ 54. Kb8 Ke7 55. f4 Kd7 56. f5 Kc6 0-1

[Event "Alzira Christmas 5th"]
[White "Moreno Torralba, David"]
[Black "Sanmateu Juan, Sergio"]
[Site "Alzira"]
[Round "1.7"]
[Result "1-0"]
[Date "2015.12.28"]
[WhiteElo "2037"]
[BlackElo "1627"]
[PlyCount "73"]
[EventDate "2015.12.28"]
[EventType "swiss"]
[EventRounds "7"]
[EventCountry "ESP"]
[SourceTitle "EXT 2024"]
[Source "ChessBase"]
[SourceDate "2023.10.10"]
[SourceVersion "1"]
[SourceVersionDate "2023.10.10"]
[SourceQuality "1"]

1. d4 d5 2. c4 e6 3. Nc3 Nf6 4. e3 Be7 5. Nf3 0-0 6. Bd3 b6 7. cxd5 exd5 8. 0-0 Bb7 9. b3 Nbd7 10. Bb2 c5 11. Rc1 Re8 12. Qc2 g6 13. Rfd1 Rc8 14. Qe2 Bf8 15. Bb5 Qc7 16. Qf1 Red8 17. Na4 Qb8 18. Nc3 Bg7 19. Qe2 Bc6 20. Bxc6 Rxc6 21. dxc5 Nxc5 22. b4 Ne6 23. Nxd5 Rxc1 24. Nxf6+ Bxf6 25. Rxc1 Bxb2 26. Qxb2 Qd6 27. h3 Qd5 28. a3 h6 29. Qc3 Rd7 30. Qb2 a6 31. Rc8+ Nf8 32. Nd4 Qb7 33. Qc3 Kh7 34. Kh2 Qd5 35. f4 Qd6 36. Kg1 Ne6 37. Nxe6 1-0

[Event "Xeraco Region-ch Primera"]
[White "Sanmateu Juan, Sergio"]
[Black "Martinez Clari, Joan"]
[Site "Xeraco"]
[Round "2.2"]
[Result "0-1"]
[Date "2015.10.17"]
[WhiteElo "1629"]
[BlackElo "1877"]
[PlyCount "64"]
[EventDate "2015.10.03"]
[EventType "swiss"]
[EventRounds "7"]
[EventCountry "ESP"]
[SourceTitle "EXT 2024"]
[Source "ChessBase"]
[SourceDate "2023.10.10"]
[SourceVersion "1"]
[SourceVersionDate "2023.10.10"]
[SourceQuality "1"]

1. e4 g6 2. Nc3 Bg7 3. g3 d6 4. Bg2 Nc6 5. d3 Nf6 6. f4 e5 7. Nf3 Qe7 8. 0-0 0-0 9. fxe5 dxe5 10. Bg5 Be6 11. Qd2 Qc5+ 12. Kh1 Nd7 13. Nh4 Nd4 14. Rf2 c6 15. Raf1 f6 16. Bh6 Rf7 17. h3 Raf8 18. Bxg7 Kxg7 19. Nd1 Qe7 20. Ne3 f5 21. exf5 Nxf5 22. Nhxf5+ gxf5 23. Qe2 Qg5 24. Kh2 f4 25. gxf4 Rxf4 26. Rf3 Rxf3 27. Bxf3 Qf4+ 28. Kg2 Rf6 29. Bg4 Qg5 30. Rxf6 Nxf6 31. Nc4 Bxc4 32. dxc4 h5 0-1

[Event "Provincial-ch Xeraco Primera"]
[White "Colomar Alemany, David"]
[Black "Sanmateu Juan, Sergio"]
[Site "Xeraco"]
[Round "3.5"]
[Result "1-0"]
[Date "2014.10.18"]
[WhiteElo "1804"]
[BlackElo "1612"]
[PlyCount "67"]
[EventDate "2014.09.27"]
[EventType "swiss"]
[EventRounds "7"]
[EventCountry "ESP"]
[SourceTitle "EXT 2024"]
[Source "ChessBase"]
[SourceDate "2023.10.10"]
[SourceVersion "1"]
[SourceVersionDate "2023.10.10"]
[SourceQuality "1"]

1. d4 d5 2. c4 e6 3. Nc3 Nf6 4. Bg5 h6 5. Bh4 Be7 6. e3 0-0 7. Nf3 b6 8. cxd5 exd5 9. Qc2 Bb7 10. Bd3 Nbd7 11. 0-0 c5 12. Rfe1 Re8 13. Rac1 Ne4 14. Bxe7 Qxe7 15. Bb5 Rad8 16. Ne5 Nef6 17. Qe2 Qd6 18. Qf3 a6 19. Bxd7 Rxd7 20. Nxd7 Qxd7 21. a3 a5 22. Ne2 c4 23. Ng3 b5 24. Qf4 b4 25. Qf5 Qc7 26. axb4 axb4 27. Ra1 c3 28. Qc2 Rc8 29. bxc3 Qc4 30. Ra4 Qxc3 31. Qxc3 bxc3 32. Rc1 Rc6 33. Ra3 c2 34. Ra2 1-0

[Event "Mislata op-C 47th"]
[White "Sanmateu Juan, Sergio"]
[Black "Barry Bertomeu, Enrique"]
[Site "Mislata"]
[Round "1.2"]
[Result "1/2-1/2"]
[Date "2013.08.12"]
[WhiteElo "1592"]
[BlackElo "1874"]
[PlyCount "44"]
[EventDate "2013.08.12"]
[EventType "swiss"]
[EventRounds "9"]
[EventCountry "ESP"]
[SourceTitle "EXT 2024"]
[Source "ChessBase"]
[SourceDate "2023.10.10"]
[SourceVersion "1"]
[SourceVersionDate "2023.10.10"]
[SourceQuality "1"]

1. e4 Nf6 2. Nc3 d5 3. exd5 Nxd5 4. Bc4 e6 5. Nf3 Be7 6. d3 Nxc3 7. bxc3 0-0 8. 0-0 b6 9. Bf4 Bb7 10. Nd4 Bf6 11. Re1 c5 12. Ne2 Nc6 13. Qd2 Na5 14. Bb3 Nxb3 15. axb3 Qd5 16. f3 Rfd8 17. Ng3 g6 18. Ne4 Bg7 19. Bg5 Rd7 20. Nf6+ Bxf6 21. Bxf6 Qf5 22. Ra4 Qd5 1/2-1/2